| 000 | 01318nam a2200229Ia 4500 | ||
|---|---|---|---|
| 999 |
_c39636 _d39636 |
||
| 001 | 6236 | ||
| 003 | GE_BSU | ||
| 005 | 20190701162016.0 | ||
| 008 | 181216s1984|||| |||||||||||||| ||geo|| | ||
| 041 | _ageo | ||
| 080 | _a621.7(075.8) თ-15 | ||
| 100 |
_aთავართქილაძე, ზ. _93131 |
||
| 245 |
_aდეტალების დამუშავების ტექნოლოგიური პროცესის შემუშავება და პროგრამების შედგენა ციფრობრივპროგრამული მართვის ჩარხებისათვის : _bსახელმძღვ. / _cზ. თავართქილაძე ; გ. თალაკვაძე ; მ. თალაკვაძე, ; რედ : მ. ძიძიგური. |
||
| 264 |
_aთბილისი : _bსპი, _c1984. |
||
| 300 |
_a128 გვ .: _bილ ; ცხრ. _c20 სმ .: |
||
| 504 | _aბიბლიოგრ.:გვ.126. | ||
| 653 | _aლითონების დამუშავება | ||
| 700 |
_aთალაკვაძე, გ _93132 |
||
| 700 |
_aთალაკვაძე, მ _93133 |
||
| 700 |
_aძიძიგური, მ _eრედაქტორი _9472 |
||
| 942 |
_cBK _2udc |
||